| Tag |
First Indicator |
Second Indicator |
Subfields |
| LEADER |
00000cam a2200000I 4500 |
| 001 |
in00002432813 |
| 005 |
20190207101803.0 |
| 008 |
730301s1958 njua 000 0 eng |
| 010 |
|
|
|a 58013849
|
| 029 |
1 |
|
|a NZ1
|b 8317025
|
| 029 |
1 |
|
|a AU@
|b 000001924237
|
| 029 |
1 |
|
|a AU@
|b 000024067297
|
| 029 |
1 |
|
|a AU@
|b 000028006377
|
| 035 |
|
|
|a (OCoLC)ocm00567421
|
| 035 |
|
|
|a (OCoLC)567421
|
| 040 |
|
|
|a DLC
|c WSU
|d SER
|d TXA
|d UtOrBLW
|
| 049 |
|
|
|a TXAM
|
| 050 |
0 |
0 |
|a TX725
|b .Z43
|
| 082 |
0 |
|
|a 641.5972
|
| 090 |
|
|
|a TX725
|b .Z43 1958
|
| 100 |
1 |
|
|a Zelayeta, Elena Emilia.
|
| 245 |
1 |
0 |
|a Elena's secrets of Mexican cooking /
|c Elena Zelayeta ; Decorations by Jeanyee Wong.
|
| 264 |
|
1 |
|a Englewood Cliffs, N.J. :
|b Prentice-Hall,
|c [1958]
|
| 300 |
|
|
|a 266 pages :
|b illustrations ;
|c 22 cm.
|
| 336 |
|
|
|a text
|b txt
|2 rdacontent
|
| 337 |
|
|
|a unmediated
|b n
|2 rdamedia
|
| 338 |
|
|
|a volume
|b nc
|2 rdacarrier
|
| 500 |
|
|
|a The Cushing Library/Chapman Texas Collection copy is part of the Floyd & Louise Chapman Texas & Borderlands Collection.
|5 TXA
|
| 500 |
|
|
|a The Cushing Library/Texas & Borderlands copy was donated by Bonnie and John Kamenar.
|
| 500 |
|
|
|a "The Texas Cookbook Collection."
|
| 650 |
|
0 |
|a Cooking, Mexican.
|
| 948 |
|
|
|a cataloged
|b h
|c 2008/12/8
|d c
|e jgreene
|f 2:45:12 pm
|
| 994 |
|
|
|a C0
|b TXA
|
| 999 |
|
|
|a MARS
|
| 999 |
f |
f |
|s b98ce98d-d95f-33de-8cf1-a3686df9e646
|i 74167204-70c7-3880-bea2-debe4097b4f5
|t 0
|
| 952 |
f |
f |
|p noncirc
|a Texas A&M University
|b College Station
|c Cushing Memorial Library & Archives
|d Cushing: Chapman Texas Collection (Does not check out)
|t 0
|e TX725 .Z43 1958
|h Library of Congress classification
|i unmediated -- volume
|
| 998 |
f |
f |
|a TX725 .Z43 1958
|t 0
|l Cushing: Chapman Texas Collection (Does not check out)
|